00572nam a22002057a 450000500170000001000110001702000220002803500110005003700160006104000120007708200170008910000220010624500740012826000310020227000190023330000200025250000510027265000230032365000200034620170124105938.0 a619111 c00.00a0510276113 a619111 bCen Lib/Ret aDPLbEN a320.942bKEE aKeeton, George W. aGovermment in action :cby George W. Keeton bin the united kingdom / aLondon bErnest Bennc1970 bLondon e10003 a271p.c21cm(Hb) aIncludes bibliographical references and index  aPolitical science  aGovernment zUK